00826nam a2200217 a 450000100100000000500170001000800410002702000150006804000250008308200190010810000410012724500920016826000300026030000280029050400280031865000500034665000410039691000370043795201170047499900170059100004386320201002045019.0140507s1997 sp a 000 0 spa d a8420694851 aDO-SdBNPbspacBNPHU a791.433bM894c1 aMoscardó Guillén, José.97174213aEl cine de animación :ben más de 100 largometrajes /cJosé Moscardó Guillén. aMadrid :bAlianza,c1997. a288 p. :bil. ;c24 cm. aBibliografía : p. 266 4aDibujos animadosxHistoria y crítica971743 4aDibujos animadosvCATÁLOGOS971744 aValidado. Control de calidad MFF 001050718MOaGRbGRcHDd2014-05-07iLF1l0o791.433 M894cp43863-10r2020-06-25w2020-06-25y1ZNo se presta c43352d43352